000 01405nam0a2200337 4500
001 RU\NLR\BIBL_A\011778038
005 20181214133802.0
010 _a978-5-17-108306-9
_95000
021 _aRU
_bКН-П-18-055282
_9КН-П-18-3985
035 _a(NLR Aleph) 011778038
035 _a(RuMoRGB)009700447
090 _a11761322
_c11761322
100 _a20180827d2018 u y0rusy50 ca
101 1 _arus
_ceng
102 _aRU
105 _ay zzzz0|000ay
200 1 _aСверхъестественное
_iВойна сынов
_e[роман
_eпо мотивам сериала]
_fРебекка Дессертайн, Дэвид Рид
_g[пер. с англ. Е. Цирюльниковой]
210 _aМосква
_cАСТ
_d2018
215 _a319 с.
_d21
225 1 _aСверхъестественное
500 1 0 _7ca
_aСверхъестественное
_lСериал
_92637344
_3RU\NLR\AUTH\5506371
686 1 _aШ6(7США)67-445(Д){Лх1979-62(Д)}
686 1 _aШ6(7США)67-445(Р){Лх1979-62(Р)}
700 1 _7ca
_8rus
_aДессертайн
_bР.
_gРебекка
_9198592
_3RU\NLR\AUTH\770198643
701 1 _7ca
_8rus
_aРид
_bД.
_fписатель, сценарист
_gДэвид
_9198594
_3RU\NLR\AUTH\770198645
942 _cBOOK
980 _aNBR
980 _aNB